La vida cotidiana en Viena en la época de Mozart y Schubert

Saved in:
Bibliografiske detaljer
Hovedforfatter: Brion, Marcel (Author)
Format: Bog
Sprog:spansk
Udgivet: Buenos Aires Hachette 1959
Serier:Nueva Colección Clío
Fag:
Tags: Tilføj Tag
Ingen Tags, Vær først til at tagge denne postø!

MARC

LEADER 00000nam a2200000 a 4500
001 UCN3267
003 CL-VaPUC
005 20240513153347.0
008 010622e19590000AG |||||||||||||||||spa|d
999 |c 296192  |d 296190 
040 |c Pontificia Universidad Católica de Valparaíso 
082 0 4 |a 780.943613  |b BRI  |2 21 
100 0 |a Brion, Marcel  |e author  |9 459750 
245 1 3 |a La vida cotidiana en Viena en la época de Mozart y Schubert 
260 |a Buenos Aires  |b Hachette  |c 1959 
300 |a 368 p 
490 0 |a Nueva Colección Clío 
583 |a last modification  |c 20010622 00:00:00  |k Rodrigo Vera 
650 0 |a Música austríaca  |2 CL-VaPUC  |9 422675 
650 0 |a Historia de la música  |2 CL-VaPUC  |9 306741 
650 0 |a Conciertos  |2 CL-VaPUC  |9 306377 
650 0 |a Costumbres y tradiciones   |9 268292 
942 |c BK  |2 ddc 
945 |d 20010622 00:00:00  |a crobeson 
952 |0 0  |1 0  |4 0  |6 780_943613000000000_BRI_1959  |7 0  |8 A  |9 349812  |a BIBEDU  |b BIBEDU  |d 2019-11-20  |i 1187880  |o 780.943613 BRI 1959  |p 1187880  |r 2023-01-12  |w 2019-11-20  |y BK  |k MUS